<?xml version="1.0" encoding="UTF-8"?>
<record
    xmlns:xsi="http://www.w3.org/2001/XMLSchema-instance"
    xsi:schemaLocation="http://www.loc.gov/MARC21/slim http://www.loc.gov/standards/marcxml/schema/MARC21slim.xsd"
    xmlns="http://www.loc.gov/MARC21/slim">

  <leader>01514nam a22004337a 4500</leader>
  <controlfield tag="008">160611s2014        pn||||| |||| 00| 0 spa d</controlfield>
  <datafield tag="020" ind1=" " ind2=" ">
    <subfield code="a">9789962058335</subfield>
  </datafield>
  <datafield tag="082" ind1="0" ind2="4">
    <subfield code="a">700.46</subfield>
    <subfield code="b">S734s</subfield>
  </datafield>
  <datafield tag="110" ind1="1" ind2=" ">
    <subfield code="a">Estudio Nuboso.</subfield>
    <subfield code="9">5222</subfield>
  </datafield>
  <datafield tag="245" ind1="1" ind2="0">
    <subfield code="a">Suelo /</subfield>
    <subfield code="c">Estudio Nuboso ; edici&#xF3;n por Jenifer Spector ; colaboraci&#xF3;n por Anne Dillon...[et. al.].</subfield>
  </datafield>
  <datafield tag="250" ind1=" " ind2=" ">
    <subfield code="a">1a ed.</subfield>
  </datafield>
  <datafield tag="260" ind1=" " ind2=" ">
    <subfield code="a">Panam&#xE1; :</subfield>
    <subfield code="b">Estudio Nuboso,</subfield>
    <subfield code="c">2014.</subfield>
  </datafield>
  <datafield tag="300" ind1=" " ind2=" ">
    <subfield code="a">60 p.</subfield>
    <subfield code="b">il.col.</subfield>
  </datafield>
  <datafield tag="440" ind1=" " ind2="0">
    <subfield code="a">Suelo ;</subfield>
    <subfield code="v">1</subfield>
    <subfield code="9">5223</subfield>
  </datafield>
  <datafield tag="651" ind1=" " ind2="0">
    <subfield code="a">Panam&#xE1;</subfield>
    <subfield code="9">5224</subfield>
  </datafield>
  <datafield tag="653" ind1="1" ind2="0">
    <subfield code="a">Arte-ecolog&#xED;a</subfield>
  </datafield>
  <datafield tag="653" ind1="1" ind2="0">
    <subfield code="a">Arte-paisajes</subfield>
  </datafield>
  <datafield tag="653" ind1="1" ind2="0">
    <subfield code="a">Arte-arquitectura-multidisciplinaria</subfield>
  </datafield>
  <datafield tag="700" ind1="1" ind2=" ">
    <subfield code="a">Spector, Jennifer.</subfield>
    <subfield code="e">ed.</subfield>
    <subfield code="9">5225</subfield>
  </datafield>
  <datafield tag="700" ind1="1" ind2=" ">
    <subfield code="a">Dillon, Anne.</subfield>
    <subfield code="e">col.</subfield>
    <subfield code="9">5226</subfield>
  </datafield>
  <datafield tag="700" ind1="1" ind2=" ">
    <subfield code="a">Coates, Anthony.</subfield>
    <subfield code="e">col.</subfield>
    <subfield code="9">5227</subfield>
  </datafield>
  <datafield tag="700" ind1="1" ind2=" ">
    <subfield code="a">Van Leest, Christ.</subfield>
    <subfield code="e">col.</subfield>
    <subfield code="9">5228</subfield>
  </datafield>
  <datafield tag="700" ind1="1" ind2=" ">
    <subfield code="a">Pentecost, Claire.</subfield>
    <subfield code="e">col.</subfield>
    <subfield code="9">5229</subfield>
  </datafield>
  <datafield tag="700" ind1="1" ind2=" ">
    <subfield code="a">Rivera, D&#xE9;bora.</subfield>
    <subfield code="e">col.</subfield>
    <subfield code="9">5230</subfield>
  </datafield>
  <datafield tag="700" ind1="1" ind2=" ">
    <subfield code="a">Sol&#xED;s, Gertrudis.</subfield>
    <subfield code="e">col.</subfield>
    <subfield code="9">5231</subfield>
  </datafield>
  <datafield tag="700" ind1="1" ind2=" ">
    <subfield code="a">Ayarza, H&#xE9;ctor.</subfield>
    <subfield code="e">col.</subfield>
    <subfield code="9">5232</subfield>
  </datafield>
  <datafield tag="700" ind1="1" ind2=" ">
    <subfield code="a">Ventocilla, Jorge.</subfield>
    <subfield code="e">col.</subfield>
    <subfield code="9">5233</subfield>
  </datafield>
  <datafield tag="700" ind1="1" ind2=" ">
    <subfield code="a">Vald&#xE9;s, Juana.</subfield>
    <subfield code="e">col.</subfield>
    <subfield code="9">5234</subfield>
  </datafield>
  <datafield tag="700" ind1="1" ind2=" ">
    <subfield code="a">N&#xFA;&#xF1;ez Emiliani, Mariana.</subfield>
    <subfield code="e">col.</subfield>
    <subfield code="9">5235</subfield>
  </datafield>
  <datafield tag="700" ind1="1" ind2=" ">
    <subfield code="a">Rodr&#xED;guez, Mir.</subfield>
    <subfield code="e">col.</subfield>
    <subfield code="9">5236</subfield>
  </datafield>
  <datafield tag="700" ind1="1" ind2=" ">
    <subfield code="a">Vega-Westhoff, Nina.</subfield>
    <subfield code="e">col.</subfield>
    <subfield code="9">5237</subfield>
  </datafield>
  <datafield tag="700" ind1="1" ind2=" ">
    <subfield code="a">Pati&#xF1;o, Olidis.</subfield>
    <subfield code="e">col.</subfield>
    <subfield code="9">5238</subfield>
  </datafield>
  <datafield tag="700" ind1="1" ind2=" ">
    <subfield code="a">Dillon, Patrick.</subfield>
    <subfield code="e">col.</subfield>
    <subfield code="9">5239</subfield>
  </datafield>
  <datafield tag="700" ind1="1" ind2=" ">
    <subfield code="a">Reyes, Paola.</subfield>
    <subfield code="e">col.</subfield>
    <subfield code="9">5240</subfield>
  </datafield>
  <datafield tag="700" ind1="1" ind2=" ">
    <subfield code="a">Desbats, Pauline.</subfield>
    <subfield code="e">col.</subfield>
    <subfield code="9">5241</subfield>
  </datafield>
  <datafield tag="700" ind1="1" ind2=" ">
    <subfield code="a">Yavich, Roman.</subfield>
    <subfield code="e">col.</subfield>
    <subfield code="9">5242</subfield>
  </datafield>
  <datafield tag="700" ind1="1" ind2=" ">
    <subfield code="a">Cromwell, Rose.</subfield>
    <subfield code="e">col.</subfield>
    <subfield code="9">5243</subfield>
  </datafield>
  <datafield tag="700" ind1="1" ind2=" ">
    <subfield code="a">Roche, Sylvie.</subfield>
    <subfield code="e">col.</subfield>
    <subfield code="9">5244</subfield>
  </datafield>
  <datafield tag="999" ind1=" " ind2=" ">
    <subfield code="c">961</subfield>
    <subfield code="d">961</subfield>
  </datafield>
  <datafield tag="952" ind1=" " ind2=" ">
    <subfield code="0">0</subfield>
    <subfield code="1">0</subfield>
    <subfield code="2">ddc</subfield>
    <subfield code="4">0</subfield>
    <subfield code="7">0</subfield>
    <subfield code="a">LV</subfield>
    <subfield code="b">LV</subfield>
    <subfield code="c">Pensamiento</subfield>
    <subfield code="d">2016-06-11</subfield>
    <subfield code="l">0</subfield>
    <subfield code="o">700.46 S734s</subfield>
    <subfield code="p">004125</subfield>
    <subfield code="r">2016-06-11 00:00:00</subfield>
    <subfield code="t">V. 1</subfield>
    <subfield code="w">2016-06-11</subfield>
    <subfield code="y">01</subfield>
  </datafield>
</record>
